Country Quiz: Albania 🇦🇱 - Statistics

General Stats
  • This quiz has been taken 74 times
  • The average score is 14 of 27
Answer Stats
Hint Answer % Correct
Between 1385-1900s, Albania was part of this empire Ottoman empire
94%
Capital Tirana
90%
Time zones 1
88%
Language and Nationality Albanian
86%
Main Religion Islam
82%
Bordering Seas Adriatic sea
78%
National Sport Football
76%
Between 1944-1992, Albania was ruled by this ideology Communism
70%
National Animal Golden Eagle
70%
Independence 1912
64%
Member of this Western military alliance NATO
62%
Mediterranean sea
60%
State-Condition Republic
58%
Ionian sea
56%
Between 1955-1968, Albania was part of this non-western, Soviet-aligned pact Warsaw Pact
56%
Currency Lek
54%
Second-Largest City Durrës
50%
Most Famous Leader (1944-1985) Enver Hoxha
50%
Between 1928-1939, Albania was ruled as a monarchy, under this King Zog I
42%
Between 1967-1991, this was banned in Albania Religion
36%
Climate Temperate
26%
Main Economic Sector Tertiary / Service
20%
Founding Father Ismail Qemali
14%
Unitary
10%
Type of Government Parliamentary
8%
Main Lake Lake Scutari
2%
Main Export Mineral Fuels
2%
No matching quizzes found
Score Distribution
Percent of People with Each Score
Percentile by Number Answered
Your Score History
You have not taken this quiz